U.S. monetary policy

Guardado en:
Detalles Bibliográficos
Autor principal: Hetzel, Robert L.
Formato: Libro
Lenguaje:inglés
Publicado: Bonn Zentrum für Europäische Integrationsforschung 1998
Colección:Working paper B 9
Materias:
Etiquetas: Agregar Etiqueta
Sin Etiquetas, Sea el primero en etiquetar este registro!

MARC

LEADER 00000nam a2200000 4500
001 c131232
005 20221109094701.1
022 |a 1436-6053 
041 0 |a eng 
044 |a DE 
245 1 0 |a U.S. monetary policy  |c Robert L. Hetzel 
264 1 |a Bonn  |b Zentrum für Europäische Integrationsforschung  |c 1998 
300 |a 41 s. 
490 1 |a Working paper  |v B 9 
830 0 |a Working paper  |v B 9 
610 2 0 |a peniaze 
610 2 0 |a mena 
610 2 0 |a politika peňažná 
610 2 0 |a modely 
610 2 0 |a náklady 
610 2 0 |a výdavky 
610 2 0 |a kontrola 
610 2 0 |a USA 
100 1 |a Hetzel, Robert L.